[Event "Texas Collegiate Final"]
[Site "Brownsville USA"]
[Date "2023.09.16"]
[Round "1.8"]
[White "Rodrigue-Lemieux, Shawn"]
[Black "Juksta, Karolis"]
[Result "1/2-1/2"]
[WhiteElo "2485"]
[BlackElo "2383"]
[PlyCount "134"]
[EventDate "2023.09.16"]
[EventType "team"]
[EventRounds "4"]
[EventCountry "USA"]
[Source "ChessMix "]
[SourceDate "2023.09.20"]
[WhiteTeam "UT Rio Grande Valley A"]
[BlackTeam "UT Dallas B"]

1. e4 e5 2. Nf3 Nf6 3. Nxe5 d6 4. Nf3 Nxe4 5. d4 d5 6. Bd3 Bd6 7. O-O O-O 8.
Re1 Bf5 9. c4 c6 10. Nc3 Nxc3 11. bxc3 Bxd3 12. Qxd3 dxc4 13. Qxc4 Nd7 14. Rb1
Qc7 15. Qb3 b5 16. c4 bxc4 17. Qxc4 Rfe8 18. Bd2 Nb6 19. Qa6 Rxe1+ 20. Bxe1 c5
21. Ba5 Rb8 22. Rc1 Qe7 23. g3 h6 24. Qb5 Qd7 25. Qb3 c4 26. Qc2 Rc8 27. Nd2
Ba3 28. Rd1 Qa4 29. Qxa4 Nxa4 30. Nb1 Bb2 31. Rd2 c3 32. Rc2 Rc4 33. Kf1 Rxd4
34. Ke2 Re4+ 35. Kd1 Rd4+ 36. Ke2 Re4+ 37. Kd1 Rc4 38. Ke2 Rc5 39. Bb4 Rb5 40.
Bxc3 Nxc3+ 41. Nxc3 Bxc3 42. Rxc3 Rb2+ 43. Kf3 Rxa2 44. Rc8+ Kh7 45. h4 h5 46.
Rc7 Kg6 47. Rc6+ f6 48. Rc7 Kh6 49. Rc8 a5 50. Ra8 Kg6 51. Ra7 Ra3+ 52. Kg2 Kh6
53. Ra6 Kg6 54. Ra7 a4 55. Ra5 Ra2 56. Kf3 Kh6 57. Ra6 Ra1 58. Ra5 Ra3+ 59. Kg2
Kg6 60. Ra7 Ra1 61. Kf3 a3 62. Ra5 Kh6 63. Ra6 Kh7 64. Ra5 Kg6 65. Ra7 a2 66.
Kf4 Kh6 67. Kf5 Rb1 1/2-1/2

[Event "Texas Collegiate Final"]
[Site "Brownsville USA"]
[Date "2023.09.16"]
[Round "2.4"]
[White "Daggupati, Balaji"]
[Black "Rodrigue-Lemieux, Shawn"]
[Result "0-1"]
[WhiteElo "2501"]
[BlackElo "2485"]
[PlyCount "162"]
[EventDate "2023.09.16"]
[EventType "team"]
[EventRounds "4"]
[EventCountry "USA"]
[Source "ChessMix "]
[SourceDate "2023.09.20"]
[WhiteTeam "UT Dallas A"]
[BlackTeam "UT Rio Grande Valley A"]

1. e4 c6 2. d4 d5 3. e5 Bf5 4. h4 h5 5. Bd3 Bxd3 6. Qxd3 Qa5+ 7. Nd2 e6 8. Ngf3
Nh6 9. O-O Nf5 10. Nb3 Qb5 11. Qd1 c5 12. a4 Qb6 13. dxc5 Bxc5 14. a5 Qb5 15.
Nxc5 Qxc5 16. Re1 Nc6 17. Ra4 Qb5 18. b3 Nxa5 19. Ba3 Nc6 20. c4 dxc4 21. bxc4
Qb6 22. Qa1 Qc7 23. Rb1 b6 24. c5 b5 25. Rxb5 O-O 26. Rb1 Rfd8 27. Re1 Rd5 28.
Qc1 Rad8 29. Bb2 a5 30. Qg5 Qb7 31. Bc1 Rd1 32. Rae4 Qb1 33. Kh2 Qc2 34. R4e2
Qxc5 35. Be3 Qb4 36. Bd2 Qc4 37. Rxd1 Qxe2 38. Rc1 Nce7 39. Bxa5 Ra8 40. Bb6
Ng6 41. Rc5 Qb2 42. Ra5 Re8 43. Be3 Qb4 44. Bd2 Qb6 45. Kg1 Nd4 46. Nxd4 Qxd4
47. g3 Rb8 48. Qe3 Rb1+ 49. Kh2 Nxh4 50. Ra8+ Kh7 51. Qxd4 Nf3+ 52. Kg2 Nxd4
53. Be3 Nc2 54. Bd2 Nd4 55. Be3 Nc6 56. f4 Rb3 57. Bf2 Kg6 58. Re8 Rd3 59. Bc5
Rc3 60. Bf2 Nb4 61. Rd8 Nd5 62. Rd7 h4 63. f5+ Kxf5 64. Rxf7+ Kg6 65. Ra7 hxg3
66. Bxg3 Ne3+ 67. Kf2 Nf5 68. Bf4 Nd4 69. Kg2 Kf5 70. Rf7+ Ke4 71. Bh2 Rc2+ 72.
Kh3 Nf3 73. Rf4+ Ke3 74. Bg3 Ng1+ 75. Kg4 Rg2 76. Ra4 Ne2 77. Ra3+ Ke4 78. Ra4+
Kd3 79. Ra3+ Kc4 80. Ra4+ Kb5 81. Re4 Nxg3 0-1

[Event "Texas Collegiate Final"]
[Site "Brownsville USA"]
[Date "2023.09.17"]
[Round "3.2"]
[White "Rodrigue-Lemieux, Shawn"]
[Black "Moore, Michael"]
[Result "1-0"]
[WhiteElo "2485"]
[BlackElo "1835"]
[PlyCount "77"]
[EventDate "2023.09.16"]
[EventType "team"]
[EventRounds "4"]
[EventCountry "USA"]
[Source "ChessMix "]
[SourceDate "2023.09.20"]
[WhiteTeam "UT Rio Grande Valley A"]
[BlackTeam "Texas Tech B"]

1. c4 e5 2. Nc3 Nc6 3. Nf3 g6 4. h4 Bg7 5. h5 d6 6. d3 Bg4 7. h6 Bf8 8. Nd5 f6
9. Be3 Nce7 10. Nxe7 Nxe7 11. g3 c6 12. Bg2 Qd7 13. Rc1 Nf5 14. Bd2 g5 15. Nh2
Nxh6 16. Nxg4 Qxg4 17. Bh3 Qd4 18. Be3 Qxb2 19. Rb1 Qxa2 20. Rxb7 g4 21. Bg2
Qa6 22. Qb1 Nf7 23. O-O Nd8 24. Rc7 Rg8 25. d4 Rg7 26. Rxg7 Bxg7 27. Qxh7 Kf8
28. dxe5 fxe5 29. f3 Qxc4 30. fxg4+ Nf7 31. g5 Qxe2 32. Bc1 Rc8 33. Qf5 Rc7 34.
g6 Qc4 35. gxf7 a5 36. Bg5 Qa6 37. Qe6 Qxf1+ 38. Bxf1 Rxf7 39. Qc8# 1-0

[Event "Texas Collegiate Final"]
[Site "Brownsville USA"]
[Date "2023.09.17"]
[Round "4.12"]
[White "Risteski, Emil"]
[Black "Rodrigue-Lemieux, Shawn"]
[Result "1/2-1/2"]
[WhiteElo "2378"]
[BlackElo "2485"]
[PlyCount "78"]
[EventDate "2023.09.16"]
[EventType "team"]
[EventRounds "4"]
[EventCountry "USA"]
[Source "ChessMix "]
[SourceDate "2023.09.20"]
[WhiteTeam "Texas Tech A"]
[BlackTeam "UT Rio Grande Valley A"]

1. e4 c6 2. d4 d5 3. exd5 cxd5 4. c4 Nf6 5. Nc3 Nc6 6. Nf3 a6 7. h3 g6 8. c5
Bg7 9. Be2 O-O 10. O-O b6 11. cxb6 Qxb6 12. Na4 Qa7 13. Be3 Ne4 14. Rc1 Bd7 15.
Nc5 Nxc5 16. Rxc5 e6 17. Qd2 Rfc8 18. a3 Bf8 19. Rc3 Ne7 20. Rfc1 Bb5 21. Bxb5
axb5 22. Bh6 Rxc3 23. Rxc3 Bxh6 24. Qxh6 Nf5 25. Qf4 Qb8 26. Qc1 Kg7 27. g4 Nd6
28. h4 Qd8 29. Qf4 Nc4 30. Ng5 Qe7 31. h5 h6 32. Nf3 g5 33. Qc1 e5 34. Nxe5
Nxe5 35. dxe5 Qxe5 36. Qe3 Qf6 37. Qf3 Qe5 38. Qe3 Qf6 39. Qf3 Qe5 1/2-1/2

[Event "Mohammed VI Cup"]
[Site "Casablanca MAR"]
[Date "2023.08.14"]
[Round "1.26"]
[White "Rodrigue-Lemieux, Shawn"]
[Black "Sharma Isha"]
[Result "1/2-1/2"]
[WhiteElo "2493"]
[BlackElo "2162"]
[PlyCount "96"]
[EventDate "2023.08.14"]
[EventType "swiss"]
[EventRounds "9"]
[EventCountry "MAR"]
[Source "ChessMix"]
[SourceDate "2023.08.20"]

1. d4 Nf6 2. c4 e6 3. Nc3 Bb4 4. e3 O-O 5. Bd3 d5 6. a3 Bxc3+ 7. bxc3 dxc4 8.
Bxc4 c5 9. Ne2 Qc7 10. Ba2 b6 11. O-O Ba6 12. Bb2 Rd8 13. Rc1 Nc6 14. c4 cxd4
15. exd4 b5 16. c5 b4 17. Bc4 bxa3 18. Bxa3 Ng4 19. g3 Nce5 20. Bxa6 Qc6 21.
Rc3 Qxa6 22. Qc2 Nc6 23. Ra1 Qc8 24. Qa4 Qd7 25. Rc4 Qd5 26. Nf4 Qf3 27. Rf1
Rab8 28. Bc1 h6 29. h3 Nf6 30. Re1 Qb3 31. Be3 a5 32. Ra1 Qxa4 33. Rcxa4 Ne4
34. Kg2 Nc3 35. Rc4 Rb3 36. Bd2 Ne4 37. Bxa5 Rxd4 38. Rxd4 Nxd4 39. Rc1 Rb5 40.
Bb6 Nb3 41. Rb1 Ned2 42. Rd1 Nc4 43. Rd8+ Kh7 44. Rd7 Nxc5 45. Bxc5 Rxc5 46.
Rxf7 Re5 47. Re7 Kg8 48. Nxe6 Kh8 1/2-1/2

[Event "Mohammed VI Cup"]
[Site "Casablanca MAR"]
[Date "2023.08.15"]
[Round "2.20"]
[White "Sentissi, Yassine"]
[Black "Rodrigue-Lemieux, Shawn"]
[Result "1/2-1/2"]
[WhiteElo "2006"]
[BlackElo "2493"]
[PlyCount "79"]
[EventDate "2023.08.14"]
[EventType "swiss"]
[EventRounds "9"]
[EventCountry "MAR"]
[Source "ChessMix"]
[SourceDate "2023.08.20"]

1. e4 e5 2. Nf3 Nc6 3. Bb5 a6 4. Ba4 d6 5. c3 Bd7 6. d4 g6 7. O-O Bg7 8. h3 Nf6
9. Re1 O-O 10. Nbd2 Nh5 11. Nf1 a5 12. dxe5 Nxe5 13. Bxd7 Nxd7 14. Bg5 Qb8 15.
Nd4 Re8 16. Qc2 a4 17. Rad1 Nc5 18. Nb5 Ne6 19. Bc1 Nc5 20. Nh2 Nf6 21. f3 Re6
22. Ng4 Nxg4 23. hxg4 Be5 24. Nd4 Re8 25. Qf2 c6 26. Ne2 Qc7 27. g3 b6 28. Kg2
Qe7 29. Nd4 Rac8 30. Rh1 d5 31. exd5 cxd5 32. Bf4 Bg7 33. Rhe1 Qd7 34. Qd2 a3
35. b3 Ne6 36. Be5 Bxe5 37. Rxe5 Nc5 38. Ree1 b5 39. Nc2 Ne6 40. Ne3 1/2-1/2

[Event "Mohammed VI Cup"]
[Site "Casablanca MAR"]
[Date "2023.08.15"]
[Round "3.20"]
[White "Rodrigue-Lemieux, Shawn"]
[Black "Mandizha, Farai"]
[Result "1-0"]
[WhiteElo "2493"]
[BlackElo "2365"]
[PlyCount "91"]
[EventDate "2023.08.14"]
[EventType "swiss"]
[EventRounds "9"]
[EventCountry "MAR"]
[Source "ChessMix"]
[SourceDate "2023.08.20"]

1. e4 c5 2. Nf3 d6 3. Bb5+ Nd7 4. Ba4 Ngf6 5. O-O a6 6. c4 g6 7. Nc3 Bg7 8. d3
O-O 9. h3 Rb8 10. Be3 e5 11. Rb1 Nh5 12. b4 cxb4 13. Rxb4 Nc5 14. Nd5 Be6 15.
Bc2 b5 16. d4 exd4 17. Nxd4 Bd7 18. cxb5 axb5 19. Nf5 Bxf5 20. exf5 Re8 21. Qb1
Re5 22. Rd1 Qe8 23. a4 Ng3 24. fxg6 hxg6 25. Rxb5 Rc8 26. Bb3 Ne2+ 27. Kh1 Rxe3
28. fxe3 Ne4 29. Nf4 Nf2+ 30. Kh2 Nxd1 31. Qxg6 d5 32. Qg4 Nxf4 33. Bxd1 Nd3
34. Qf3 Qe5+ 35. g3 Nc5 36. a5 Qd6 37. h4 Ne4 38. Bb3 Nc3 39. Rb7 Rf8 40. h5
Qa6 41. Bxd5 Nxd5 42. Qxd5 Qe2+ 43. Kh3 Qxe3 44. a6 Be5 45. Rb3 Qe2 46. Rf3 1-0

[Event "Mohammed VI Cup"]
[Site "Casablanca MAR"]
[Date "2023.08.16"]
[Round "4.7"]
[White "Albornoz Cabrera, Carlos Daniel"]
[Black "Rodrigue-Lemieux, Shawn"]
[Result "1-0"]
[WhiteElo "2575"]
[BlackElo "2493"]
[PlyCount "63"]
[EventDate "2023.08.14"]
[EventType "swiss"]
[EventRounds "9"]
[EventCountry "MAR"]
[Source "ChessMix"]
[SourceDate "2023.08.20"]

1. e4 c6 2. d4 d5 3. e5 Bf5 4. Nf3 e6 5. Be2 Ne7 6. O-O c5 7. Na3 a6 8. dxc5
Nec6 9. Be3 Nd7 10. c4 Be4 11. Rc1 Be7 12. cxd5 Bxd5 13. Nb1 O-O 14. Nc3 Bxf3
15. Bxf3 Ndxe5 16. Be2 Qc7 17. Qa4 Rad8 18. Rfd1 Nd7 19. b4 Qe5 20. Bf3 Ndb8
21. a3 Rxd1+ 22. Qxd1 Rd8 23. Qe2 a5 24. b5 Nd4 25. Bxd4 Qxd4 26. Ne4 Rc8 27.
Rd1 Qe5 28. Qd2 f5 29. Ng5 Bxc5 30. Nxe6 h6 31. Bxb7 Re8 32. Bd5 1-0

[Event "Mohammed VI Cup"]
[Site "Casablanca MAR"]
[Date "2023.08.16"]
[Round "5.18"]
[White "Rodrigue-Lemieux, Shawn"]
[Black "Vidyarthi, Vyom"]
[Result "1-0"]
[WhiteElo "2493"]
[BlackElo "2429"]
[PlyCount "85"]
[EventDate "2023.08.14"]
[EventType "swiss"]
[EventRounds "9"]
[EventCountry "MAR"]
[Source "ChessMix"]
[SourceDate "2023.08.20"]

1. Nf3 d5 2. c4 e6 3. g3 Nf6 4. Bg2 Be7 5. O-O O-O 6. d4 Nbd7 7. Qc2 c6 8. Nbd2
b6 9. e4 Bb7 10. e5 Ne8 11. cxd5 cxd5 12. Re1 Rc8 13. Qd1 Qc7 14. Nb1 b5 15.
Bf1 b4 16. Bd3 Qc6 17. Bg5 Bxg5 18. Nxg5 g6 19. Qg4 Ba6 20. Bxa6 Qxa6 21. Qh3
h5 22. g4 Ng7 23. Nd2 Qb6 24. Ndf3 Rc2 25. Kh1 Rfc8 26. Rg1 Nf8 27. gxh5 Nxh5
28. Rad1 Rxf2 29. Rg4 Qc6 30. Rh4 Qc2 31. Rg1 Qf5 32. Qxf5 exf5 33. Rxh5 Rxb2
34. Rh6 Rxa2 35. e6 Kg7 36. e7 Kxh6 37. Nxf7+ Kg7 38. Nd8 Re2 39. Ne5 Rcc2 40.
Ne6+ Kh7 41. exf8=N+ Kh8 42. Nfxg6+ Kg8 43. Ne7+ 1-0

[Event "Mohammed VI Cup"]
[Site "Casablanca MAR"]
[Date "2023.08.18"]
[Round "7.6"]
[White "Rodrigue-Lemieux, Shawn"]
[Black "Ponkratov, Pavel"]
[Result "0-1"]
[WhiteElo "2493"]
[BlackElo "2582"]
[PlyCount "74"]
[EventDate "2023.08.14"]
[EventType "swiss"]
[EventRounds "9"]
[EventCountry "MAR"]
[Source "ChessMix"]
[SourceDate "2023.08.20"]

1. e4 c5 2. Nf3 e6 3. d4 cxd4 4. Nxd4 Nc6 5. Nc3 Qc7 6. g3 Nf6 7. Bg2 a6 8. O-O
h5 9. Bg5 Bc5 10. Be3 Ne5 11. h3 Nc4 12. Bc1 d6 13. b3 Ne5 14. a4 Bd7 15. Nce2
Nc6 16. Nxc6 Bxc6 17. Qd3 d5 18. Bf4 dxe4 19. Qxa6 Rxa6 20. Bxc7 e3 21. f3 Nd7
22. Rad1 Ke7 23. Rd3 g5 24. g4 Rc8 25. Bh2 b5 26. axb5 Bxb5 27. c4 Ra2 28. Re1
Bc6 29. Kf1 Rca8 30. gxh5 f5 31. h4 g4 32. fxg4 Bxg2+ 33. Kxg2 Bb4 34. gxf5
Bxe1 35. Rxe3 e5 36. Kh3 Kf6 37. h6 Bf2 0-1

[Event "Mohammed VI Cup"]
[Site "Casablanca MAR"]
[Date "2023.08.18"]
[Round "8.13"]
[White "George Micheal, Kevin"]
[Black "Rodrigue-Lemieux, Shawn"]
[Result "0-1"]
[WhiteElo "2223"]
[BlackElo "2493"]
[PlyCount "90"]
[EventDate "2023.08.14"]
[EventType "swiss"]
[EventRounds "9"]
[EventCountry "MAR"]
[Source "ChessMix"]
[SourceDate "2023.08.20"]

1. e4 c6 2. d4 d5 3. e5 Bf5 4. Nd2 e6 5. Nb3 a6 6. Nf3 c5 7. dxc5 Bxc5 8. Nxc5
Qa5+ 9. c3 Qxc5 10. Nd4 Ne7 11. Qa4+ Nd7 12. Be3 Qc7 13. f4 O-O 14. Be2 b5 15.
Qd1 Nc5 16. O-O Be4 17. g3 Rac8 18. Qd2 Rce8 19. Bf2 Nc8 20. Nb3 Na4 21. Bd4
Ncb6 22. Qe3 Rc8 23. Nd2 Nd7 24. Nxe4 dxe4 25. Qxe4 Nxb2 26. f5 exf5 27. Rxf5
Rce8 28. Raf1 g6 29. e6 f6 30. Qd5 Nb6 31. e7+ Nxd5 32. exf8=Q+ Kxf8 33. Rxd5
Rxe2 34. Bxf6 Ke8 35. Rd8+ Qxd8 36. Bxd8 Kxd8 37. Rf6 Na4 38. Rxa6 Rxa2 39. Ra7
Nxc3 40. Rxh7 Ra6 41. h4 Rb6 42. g4 b4 43. h5 gxh5 44. gxh5 b3 45. h6 b2 0-1

[Event "Mohammed VI Cup"]
[Site "Casablanca MAR"]
[Date "2023.08.19"]
[Round "9.7"]
[White "Rodrigue-Lemieux, Shawn"]
[Black "Yuffa, Daniil"]
[Result "0-1"]
[WhiteElo "2493"]
[BlackElo "2594"]
[PlyCount "48"]
[EventDate "2023.08.14"]
[EventType "swiss"]
[EventRounds "9"]
[EventCountry "MAR"]
[Source "ChessMix"]
[SourceDate "2023.08.20"]

1. e4 c5 2. Nf3 Nc6 3. Bb5 d6 4. O-O Bd7 5. Re1 a6 6. Bxc6 Bxc6 7. d4 cxd4 8.
Nxd4 Nf6 9. Nxc6 bxc6 10. c4 g6 11. Nc3 Bg7 12. Be3 O-O 13. h3 Nd7 14. Qd2 Qa5
15. Nd5 Qd8 16. Nc3 Re8 17. Rac1 Qa5 18. b3 Qb4 19. Bh6 Bh8 20. h4 a5 21. h5
Nc5 22. hxg6 hxg6 23. Re3 a4 24. Rf3 axb3 0-1

[Event "Quebec op"]
[Site "Montreal CAN"]
[Date "2023.07.29"]
[Round "1.3"]
[White "Rodrigue-Lemieux, Shawn"]
[Black "Singher, Jean-Pierre"]
[Result "1-0"]
[WhiteElo "2495"]
[BlackElo "1934"]
[PlyCount "95"]
[EventDate "2023.07.29"]
[EventType "swiss"]
[EventRounds "9"]
[EventCountry "CAN"]

1. a3 d5 2. Nf3 Nf6 3. d4 e6 4. e3 c5 5. b3 Nc6 6. Bd3 Qc7 7. Bb2 Bd6 8. c4
cxd4 9. exd4 b6 10. Nc3 a6 11. O-O O-O 12. Rc1 Bb7 13. Re1 Rfe8 14. Rc2 Rad8
15. Nb5 axb5 16. cxb5 Qd7 17. bxc6 Bxc6 18. Ne5 Bxe5 19. dxe5 Ne4 20. Bd4 Rc8
21. Bxb6 Qb7 22. Bd4 f6 23. Bxe4 dxe4 24. exf6 e5 25. Be3 Qxb3 26. fxg7 Red8
27. Qc1 Bd7 28. Rc7 Be6 29. Qc5 Rxc7 30. Qxc7 Rd1 31. Bd2 Rxd2 32. Qe7 h6 33.
h4 Rd1 34. Rxd1 Qxd1+ 35. Kh2 Qd5 36. a4 Kh7 37. a5 Bg8 38. a6 Qe6 39. Qb7 Qf5
40. Kg1 Qf4 41. g3 Qc1+ 42. Kg2 Qc2 43. a7 e3 44. a8=Q Qxf2+ 45. Kh1 e2 46.
Qe4+ Kxg7 47. Qxe5+ Kf7 48. Qae8# 1-0

[Event "Quebec op"]
[Site "Montreal CAN"]
[Date "2023.07.29"]
[Round "2.3"]
[White "Lin, Leo"]
[Black "Rodrigue-Lemieux, Shawn"]
[Result "0-1"]
[WhiteElo "2050"]
[BlackElo "2495"]
[PlyCount "106"]
[EventDate "2023.07.29"]
[EventType "swiss"]
[EventRounds "9"]
[EventCountry "CAN"]

1. e4 c6 2. Nf3 d5 3. exd5 cxd5 4. d4 Nc6 5. Ne5 a6 6. Nxc6 bxc6 7. Bd3 Nf6 8.
Nd2 Bg4 9. f3 Bh5 10. O-O e6 11. c3 Bd6 12. Qa4 Qc7 13. f4 O-O 14. g3 c5 15. a3
Rfc8 16. Nf3 Bg6 17. Bxg6 hxg6 18. Be3 Rab8 19. b4 cxb4 20. cxb4 Qc3 21. Rfe1
Ng4 22. Rac1 Qb2 23. Bd2 Bf8 24. Rb1 Qa2 25. Qb3 Qxb3 26. Rxb3 a5 27. Reb1 a4
28. R3b2 Nf6 29. Kf2 Ne4+ 30. Ke3 Nd6 31. Kd3 Nb5 32. Ra2 Rc4 33. Rd1 Rbc8 34.
Be1 Bd6 35. Ke3 f6 36. Rd3 Bb8 37. h4 Ba7 38. Rad2 Rc1 39. Ra2 Nxd4 40. Nxd4
Rxe1+ 41. Kd2 Rcc1 42. Nb5 Bf2 43. Rc2 Be3+ 44. Kc3 Rb1 45. Rxe3 Rxe3+ 46. Kd4
Rxg3 47. Nd6 Rxa3 48. Kc5 d4 49. Kb5 Rc3 50. Re2 a3 51. Rxe6 Re3 52. Ne4 Rxe4
53. Rxe4 a2 0-1

[Event "Quebec op"]
[Site "Montreal CAN"]
[Date "2023.07.30"]
[Round "3.2"]
[White "Rodrigue-Lemieux, Shawn"]
[Black "Saha, Ananda"]
[Result "1-0"]
[WhiteElo "2495"]
[BlackElo "1984"]
[PlyCount "111"]
[EventDate "2023.07.29"]
[EventType "swiss"]
[EventRounds "9"]
[EventCountry "CAN"]

1. d4 Nf6 2. c4 e6 3. Nc3 d5 4. Bg5 Be7 5. e3 h6 6. Bh4 O-O 7. Rc1 c6 8. Bd3
Nbd7 9. Nf3 dxc4 10. Bxc4 b5 11. Bd3 Bb7 12. O-O Rc8 13. a3 a6 14. b4 Nd5 15.
Bxe7 Qxe7 16. Qb3 Ra8 17. Ne4 a5 18. Nc5 Nxc5 19. bxc5 Qc7 20. Rfe1 Ba6 21. Nd2
Rfb8 22. e4 Ne7 23. Bb1 b4 24. a4 Rd8 25. Nf3 Qf4 26. g3 Qc7 27. Rcd1 Rab8 28.
Ba2 Ng6 29. h4 Qe7 30. h5 Nf8 31. Ne5 Rbc8 32. Nc4 Bxc4 33. Qxc4 Qc7 34. Bb3
Rd7 35. f4 Rcd8 36. Kf2 Nh7 37. e5 Nf8 38. g4 Rd5 39. Ke3 Qe7 40. Qc2 R5d7 41.
Qg2 Rc7 42. Rg1 g5 43. hxg6 Nxg6 44. Rh1 Kg7 45. Rh5 Rcd7 46. f5 Nxe5 47. f6+
Qxf6 48. dxe5 Qe7 49. Rd6 Rxd6 50. cxd6 Qa7+ 51. Kd3 Rg8 52. Qd2 Kf8 53. Qxh6+
Ke8 54. Rg5 Rf8 55. Qf6 c5 56. Bc4 1-0

[Event "Quebec op"]
[Site "Montreal CAN"]
[Date "2023.07.31"]
[Round "4.1"]
[White "Rodrigue-Lemieux, Shawn"]
[Black "Bruzon Batista, Lazaro"]
[Result "1/2-1/2"]
[WhiteElo "2495"]
[BlackElo "2609"]
[PlyCount "28"]
[EventDate "2023.07.29"]
[EventType "swiss"]
[EventRounds "9"]
[EventCountry "CAN"]

1. e4 e5 2. Nf3 Nc6 3. Nc3 Nf6 4. d4 exd4 5. Nxd4 Bb4 6. Nxc6 bxc6 7. Bd3 d5 8.
exd5 cxd5 9. O-O O-O 10. h3 c6 11. Qf3 Bd6 12. Bf4 Be6 13. Rad1 Bxf4 14. Qxf4
Qb8 1/2-1/2

[Event "Quebec op"]
[Site "Montreal CAN"]
[Date "2023.08.01"]
[Round "5.2"]
[White "Perez Rodriguez, Luis Manuel"]
[Black "Rodrigue-Lemieux, Shawn"]
[Result "0-1"]
[WhiteElo "2328"]
[BlackElo "2495"]
[PlyCount "76"]
[EventDate "2023.07.29"]
[EventType "swiss"]
[EventRounds "9"]
[EventCountry "CAN"]

1. e4 c6 2. d4 d5 3. exd5 cxd5 4. c4 Nf6 5. Nc3 Nc6 6. Nf3 a6 7. Ne5 g6 8. Be2
Bg7 9. Bf3 Be6 10. O-O O-O 11. Re1 Rc8 12. Nxc6 bxc6 13. c5 Ne4 14. Bf4 f5 15.
Be2 Qa5 16. a3 Ra8 17. Na4 g5 18. b4 Qd8 19. Be5 Bf7 20. f3 Nf6 21. Bd3 e6 22.
Nb6 Ra7 23. a4 Nh5 24. g3 Nf6 25. Qe2 g4 26. b5 gxf3 27. Qxf3 Bh5 28. Qf4 Ne4
29. Bxg7 Rxg7 30. Bxe4 dxe4 31. Qe5 Bf3 32. bxc6 Qg5 33. Nd7 Qd2 34. Qxe6+ Kh8
35. Qa2 Qh6 36. Nxf8 f4 37. Qe6 Rxg3+ 38. Kf1 Rg1+ 0-1

[Event "Quebec op"]
[Site "Montreal CAN"]
[Date "2023.08.02"]
[Round "6.1"]
[White "Sambuev, Bator"]
[Black "Rodrigue-Lemieux, Shawn"]
[Result "1-0"]
[WhiteElo "2457"]
[BlackElo "2495"]
[PlyCount "109"]
[EventDate "2023.07.29"]
[EventType "swiss"]
[EventRounds "9"]
[EventCountry "CAN"]

1. d4 Nf6 2. c4 e6 3. Nf3 d5 4. g3 Be7 5. Bg2 O-O 6. O-O dxc4 7. Qc2 a6 8. a4
Bd7 9. Qxc4 Bc6 10. Bf4 Bd6 11. Qc1 a5 12. Nc3 Na6 13. Bd2 Nb4 14. Qb1 Nbd5 15.
Rd1 Nxc3 16. bxc3 Be4 17. Qb2 Qe7 18. Bg5 h6 19. Bxf6 Qxf6 20. Nd2 Bxg2 21.
Kxg2 Rfb8 22. e4 Qd8 23. c4 Bb4 24. Nf3 Qe8 25. Ne5 Bd6 26. Nf3 Bb4 27. Qc2 b6
28. Ne5 Bd6 29. Nd3 c5 30. d5 exd5 31. exd5 Qe4+ 32. f3 Qf5 33. Nb4 Qf6 34. Nc6
Re8 35. Re1 h5 36. Rab1 h4 37. Re4 hxg3 38. hxg3 Rxe4 39. fxe4 Qg6 40. Qd3 Re8
41. Re1 Bf4 42. Qf3 Be5 43. Re3 Qh6 44. Rd3 Qd6 45. Qf5 g6 46. Qg5 Bf6 47. Qg4
Be5 48. Rb3 Qc7 49. Rb1 Kg7 50. Rh1 Bf6 51. Kf3 Be5 52. Qh4 Bc3 53. Qf4 Be5 54.
Qh6+ Kf6 55. Rh5 1-0

[Event "Quebec op"]
[Site "Montreal CAN"]
[Date "2023.08.03"]
[Round "7.3"]
[White "Rodrigue-Lemieux, Shawn"]
[Black "Zheng, Richard"]
[Result "1-0"]
[WhiteElo "2495"]
[BlackElo "2214"]
[PlyCount "69"]
[EventDate "2023.07.29"]
[EventType "swiss"]
[EventRounds "9"]
[EventCountry "CAN"]

1. c4 c6 2. Nf3 Nf6 3. g3 d5 4. Bg2 Bg4 5. Ne5 Be6 6. cxd5 Bxd5 7. Nf3 c5 8.
Nc3 Bc6 9. O-O e6 10. d3 Nbd7 11. e4 Bd6 12. Qe2 Bc7 13. d4 O-O 14. Rd1 Qe7 15.
Qc2 cxd4 16. Nxd4 e5 17. Nf5 Qe6 18. Nd5 Bd8 19. Nb4 Ne8 20. Nxc6 bxc6 21. Bh3
Kh8 22. Kg2 Nb6 23. Nxg7 Qg6 24. Nxe8 Rxe8 25. Bf5 Qf6 26. Qe2 Be7 27. Qh5 Qg7
28. Bh6 Qg8 29. Rac1 c5 30. Rd3 Rad8 31. Rcd1 c4 32. Be6 Qg6 33. Rxd8 Rxd8 34.
Qxe5+ Kg8 35. Bxc4 1-0

[Event "Quebec op"]
[Site "Montreal CAN"]
[Date "2023.08.04"]
[Round "8.2"]
[White "Zhu, Hong Rui"]
[Black "Rodrigue-Lemieux, Shawn"]
[Result "1-0"]
[WhiteElo "2176"]
[BlackElo "2495"]
[PlyCount "81"]
[EventDate "2023.07.29"]
[EventType "swiss"]
[EventRounds "9"]
[EventCountry "CAN"]

1. e4 e5 2. Nf3 Nf6 3. Nxe5 d6 4. Nf3 Nxe4 5. Nc3 Nxc3 6. dxc3 Be7 7. Bd3 O-O
8. Be3 c5 9. Be4 Nd7 10. Qd3 Nf6 11. O-O-O Be6 12. c4 Qa5 13. Kb1 Qb4 14. Bd5
Nxd5 15. cxd5 Bg4 16. Bd2 Qa4 17. Rde1 Rfe8 18. Re4 Qd7 19. Rhe1 Bf6 20. Ng5 g6
21. Qe3 Rf8 22. Bc3 Bxc3 23. Qxc3 Qf5 24. h4 h6 25. f3 Bxf3 26. Nxf3 Qxd5 27.
Qf6 a5 28. g4 h5 29. gxh5 Qxh5 30. a3 d5 31. Re5 Qh6 32. Rxd5 Ra6 33. Qg5 Qg7
34. Rxc5 Rb6 35. Qe5 Qh6 36. Rxa5 Re6 37. Qg5 Qg7 38. Rxe6 fxe6 39. Ne5 Rf5 40.
Qd8+ Kh7 41. Nd3 1-0

[Event "Quebec op"]
[Site "Montreal CAN"]
[Date "2023.08.04"]
[Round "9.4"]
[White "Rodrigue-Lemieux, Shawn"]
[Black "Lawson, Eric"]
[Result "1-0"]
[WhiteElo "2495"]
[BlackElo "2221"]
[PlyCount "73"]
[EventDate "2023.07.29"]
[EventType "swiss"]
[EventRounds "9"]
[EventCountry "CAN"]

1. c4 c5 2. g3 Nc6 3. Bg2 g6 4. Nc3 Bg7 5. Nf3 d6 6. O-O Nh6 7. d3 Nf5 8. Qd2
O-O 9. b3 Nfd4 10. Bb2 Bg4 11. Ne1 Qa5 12. f3 Bd7 13. Rd1 Nf5 14. Kh1 Ne3 15.
Qxe3 Bxc3 16. Qc1 Bxb2 17. Qxb2 Rfc8 18. Nc2 Qd8 19. f4 Qf8 20. e3 Qg7 21. d4
Bf5 22. e4 Bd7 23. e5 cxd4 24. exd6 exd6 25. Nxd4 Re8 26. Qf2 Bg4 27. Nxc6 bxc6
28. Rd2 d5 29. cxd5 cxd5 30. Bxd5 Rad8 31. Kg1 Qc3 32. f5 Bxf5 33. g4 Qxd2 34.
Qxd2 Be6 35. Bxe6 Rxd2 36. Bxf7+ Kf8 37. Bxg6+ 1-0

[Event "Biel op-A"]
[Site "Biel SUI"]
[Date "2023.07.27"]
[Round "10.12"]
[White "Rodrigue-Lemieux, Shawn"]
[Black "Muthaiah, Al"]
[Result "1/2-1/2"]
[WhiteElo "2495"]
[BlackElo "2445"]
[PlyCount "100"]
[EventDate "2023.07.17"]
[EventType "swiss"]
[EventRounds "10"]
[EventCountry "SUI"]
[Source "ChessMix"]
[SourceDate "2023.08.01"]

1. e4 c5 2. Nf3 e6 3. d4 cxd4 4. Nxd4 Nc6 5. Nc3 Qc7 6. g3 a6 7. Bg2 Nf6 8. O-O
Nxd4 9. Qxd4 Bc5 10. Qd1 h6 11. e5 Qxe5 12. Bf4 Qd4 13. Qe2 Be7 14. Rfd1 Qb4
15. a3 Qa5 16. b4 Qd8 17. Ne4 d5 18. c4 O-O 19. Nc3 Bd6 20. Be5 Bxe5 21. Qxe5
Re8 22. Rd4 Bd7 23. cxd5 exd5 24. Qf4 Be6 25. Rad1 Rc8 26. Qd2 Qc7 27. Nxd5
Bxd5 28. Bxd5 Nxd5 29. Rxd5 Re7 30. Rc5 Qb8 31. Qf4 Rce8 32. Rd6 Rd8 33. Rd4
Qa8 34. Rxd8+ Qxd8 35. Qc4 Qd1+ 36. Kg2 b5 37. Qf4 Qd7 38. Qf3 Re6 39. Qa8+ Kh7
40. Rc8 Qd4 41. h4 Rf6 42. f3 Qd2+ 43. Kh3 Qd7+ 44. Kg2 Re6 45. Rh8+ Kg6 46.
Rd8 Re2+ 47. Kf1 Qe6 48. Qd5 Kh7 49. h5 g5 50. hxg6+ Kxg6 1/2-1/2